Strategic planning for technology industries

Uloženo v:
Podrobná bibliografie
Hlavní autor: Sherman, Philip M.
Médium: Kniha
Jazyk:Undetermined
Vydáno: London Addison-Wesley Publishing Company 1982
Témata:
Tagy: Přidat tag
Žádné tagy, Buďte první, kdo otaguje tento záznam!
Thư viện lưu trữ: Trung tâm Học liệu Trường Đại học Cần Thơ
LEADER 00486nam a2200169Ia 4500
001 CTU_79049
008 210402s9999 xx 000 0 und d
082 |a 658.4 
082 |b S553 
100 |a Sherman, Philip M. 
245 0 |a Strategic planning for technology industries 
245 0 |c Philip M. Sherman 
260 |a London 
260 |b Addison-Wesley Publishing Company 
260 |c 1982 
650 |a Corporate planning 
980 |a Trung tâm Học liệu Trường Đại học Cần Thơ